Introduction to soil mechanics and shallow foundations design / (Record no. 546382)

000 -LEADER
fixed length control field 00572pam a2200169 a 4500
082 00 - DEWEY DECIMAL CLASSIFICATION NUMBER
Classification number 624.15136
Author Mark FRE
-- L-N, P97
100 1# - MAIN ENTRY--PERSONAL NAME
Personal name French, Samuel E.,
9 (RLIN) 32275
245 10 - TITLE STATEMENT
Title Introduction to soil mechanics and shallow foundations design /
Statement of responsibility, etc. Samuel E. French.
260 ## - PUBLICATION, DISTRIBUTION, ETC.
Place of publication, distribution, etc. Englewood Cliffs, N.J. :
Name of publisher, distributor, etc. Prentice Hall,
Date of publication, distribution, etc. c1989.
300 ## - PHYSICAL DESCRIPTION
Extent xi, 348 p. :
Other physical details ill. ;
Dimensions 25 cm.
500 ## - GENERAL NOTE
General note Includes index.
526 ## - STUDY PROGRAM INFORMATION NOTE
Program name 0
Interest level 0
Reading level 0
Title point value 624_151360000000000_FRE
650 #0 - SUBJECT ADDED ENTRY--TOPICAL TERM
Topical term or geographic name entry element Foundations
General subdivision Design and construction.
9 (RLIN) 21251
650 #0 - SUBJECT ADDED ENTRY--TOPICAL TERM
Topical term or geographic name entry element MCE
9 (RLIN) 379
650 #0 - SUBJECT ADDED ENTRY--TOPICAL TERM
Topical term or geographic name entry element Soil mechanics.
942 ## - ADDED ENTRY ELEMENTS (KOHA)
Source of classification or shelving scheme
Koha item type Book
Holdings
Withdrawn status Lost status Source of classification or shelving scheme Damaged status Not for loan Permanent Location Current Location Date acquired Total Checkouts Full call number Barcode Date last seen Date last checked out Price effective from Koha item type
          Military College of Engineering (MCE) Military College of Engineering (MCE) 06/11/2014 1 624.15136 FRE MCE-36690 06/17/2014 06/16/2014 06/11/2014 Book
© 2023 Central Library, National University of Sciences and Technology. All Rights Reserved.